=LDR 00000nam 2200000 4500 =001 INLIS000000000014733 =005 20130612110018 =008 ***********************************Ind** =035 ##$$0010-061300000014733 =041 ##$$a Ind =082 ##$$a 398 =090 ##$$a 398, Sis m =100 ##$$a Siswoyo =245 ##$$a Mutiara-mutiara hitam bumi saraba kawa, Siswoyo =260 ##$$a 2001 $b Yogyakarta =300 ##$$a vi, 106 hlm, Il, 20 cm =650 ##$$a Folklor =850 ##$$a NBPNMAT